00530nam a2200181Ia 4500003000400000005001700004008004100021020002900062040001700091082002000108100001700128245009500145260003000240300001700270440001000287650003100297700002000328IIN20240209161131.0231217s9999 xx 000 0 und d cRs.640.00a9788131243763 aIINbEnglish a610.73677 bSON1 aSonia, Lizy 1 aMedical-Surgical Nursing :bPrep Manual for Undergraduates /cLizy Sonia and Shaina Sharma bElsevieraNew Delhic2016 axii, 796 p.  vVol.11 aMedical Surgical vNursing1 aSharma, Shaina